Fr. Conceicao Rodrigues College of Engineering

Oracle for professionals (Record no. 29072)

MARC details
000 -LEADER
fixed length control field 00369nam a2200169Ia 4500
082 ## - DEWEY DECIMAL CLASSIFICATION NUMBER
Classification number 5.133
Item number SHA
100 ## - MAIN ENTRY--PERSONAL NAME
Personal name Shah/Sharanam/ Shah/Vaishali
245 ## - TITLE STATEMENT
Title Oracle for professionals
260 ## - PUBLICATION, DISTRIBUTION, ETC.
Name of publisher, distributor, etc. Shroff Publishers
Date of publication, distribution, etc. 2008
366 ## - TRADE AVAILABILITY INFORMATION
Publishers's discount category 25
300 ## - PHYSICAL DESCRIPTION
Extent 1343
546 ## - LANGUAGE NOTE
Language note ENGLISH
-- electronics
650 ## - SUBJECT ADDED ENTRY--TOPICAL TERM
Topical term or geographic name entry element Oracle
654 ## - SUBJECT ADDED ENTRY--FACETED TOPICAL TERMS
Focus term oracle
942 ## - ADDED ENTRY ELEMENTS (KOHA)
Koha item type BOOK
Holdings
Withdrawn status Lost status Damaged status Not for loan Collection Home library Current library Date acquired Source of acquisition Cost, normal purchase price Inventory number Total Checkouts Full call number Barcode Date last seen Cost, replacement price Price effective from Koha item type
        CRC Fr. Agnel's C.Rodrigues College of Engineering Fr. Agnel's C.Rodrigues College of Engineering 17/03/2023 Book Base 731.25 12317 dt 22/06/2013   5.133 SHA 22768 17/03/2023 975.00   BOOK
        CRC Fr. Agnel's C.Rodrigues College of Engineering Fr. Agnel's C.Rodrigues- College of Engineering 17/03/2023 Book Base 731.25 12317 dt 22/06/2013   5.133 SHA 22769 13/10/2023 975.00   BOOK